Estudio y comprensión de la sociedad 6º básico: texto para el estudiante
Kaydedildi:
| Asıl Yazarlar: | , , , |
|---|---|
| Materyal Türü: | Kitap |
| Dil: | İspanyolca |
| Baskı/Yayın Bilgisi: |
Santiago
Mare Nostrum
2007
|
| Edisyon: | 1a. ed |
| Konular: | |
| Etiketler: |
Etiketle
Etiket eklenmemiş, İlk siz ekleyin!
|
MARC
| LEADER | 00000nam a2200000 a 4500 | ||
|---|---|---|---|
| 001 | UCI5735 | ||
| 003 | CL-VaPUC | ||
| 008 | 080404e20070000CL |||||||||||||||||spa|d | ||
| 020 | |a 9789562911884 | ||
| 082 | 0 | 4 | |a 372.83 |b LEO |2 21 |
| 100 | |a León Hulaud, Michelle |e author |9 544338 | ||
| 700 | |a Giadrosic Reyes, Georgina |e author |9 593448 | ||
| 700 | 0 | |a Aviles Caniuñir, Marco Antonio |e author |9 528298 | |
| 700 | 0 | |a Benítez Martínez, Teresita |e author |9 528299 | |
| 245 | 1 | 0 | |a Estudio y comprensión de la sociedad 6º básico: texto para el estudiante |
| 250 | |a 1a. ed | ||
| 300 | |a 208 p | ||
| 942 | |c BK | ||
| 945 | |d 20080404 00:00:00 |a jtorresc | ||
| 260 | |a Santiago |b Mare Nostrum |c 2007 | ||
| 650 | 0 | |a Educación básica |9 224933 | |
| 650 | 0 | |a Educación cívica |9 314665 | |
| 650 | 0 | |a Métodos de enseñanza |9 270413 | |
| 650 | 0 | |a Enseñanza de la historia |9 307330 | |
| 650 | 0 | |a Enseñanza de la geografía |9 310005 | |
| 650 | 0 | |a Desarrollo social |9 264534 | |
| 650 | 0 | |a Libros de texto |9 270019 | |
| 583 | |a last modification |c 20180314 11:25:34 |k Rodrigo Vera | ||
| 999 | |c 329428 |d 329426 | ||
| 952 | |0 0 |1 0 |4 0 |6 372_830000000000000_LEO_2007 |7 0 |8 A |9 414061 |a BIBEDU |b BIBEDU |d 2019-11-22 |i 4434617 |o 372.83 LEO 2007 |p 4434617 |r 2019-11-22 |w 2019-11-22 |y BK |k EBA | ||